Focus (Record no. 80054)

MARC details
000 -LEADER
fixed length control field 01027cab a22002415a 4500
001 - CONTROL NUMBER
control field L143090
008 - FIXED-LENGTH DATA ELEMENTS--GENERAL INFORMATION
fixed length control field 080407e20080405xxk f 000 0 eng d
035 ## - SYSTEM CONTROL NUMBER
System control number (Sirsi) u143090
041 0# - LANGUAGE CODE
Language code of text/sound track or separate title eng
100 1# - MAIN ENTRY--PERSONAL NAME
Personal name Meadwell, Stacey
245 00 - TITLE STATEMENT
Title Focus
Remainder of title London and midtown
260 ## - PUBLICATION, DISTRIBUTION, ETC.
Date of publication, distribution, etc. 2008
490 ## - SERIES STATEMENT
Series statement Estates Gazette
Volume/sequential designation (0813) 5 April 2008, 96-111(12)
520 ## - SUMMARY, ETC.
Summary, etc. Reports on a significant new office design at a major legal firm's new offices. Considers statistics for the first quarter of 2008 and the extent to which they herald a downtown in the market. Profiles the relatively buoyant midtown office market. Examines the regeneration of King's Cross and Euston. Looks at the trend for landlords to increase earnings with ground-floor shops in mixed-use midtown schemes.
590 ## - LOCAL NOTE (RLIN)
Local note KA
651 #4 - SUBJECT ADDED ENTRY--GEOGRAPHIC NAME
Geographic name London
690 ## - LOCAL SUBJECT ADDED ENTRY--TOPICAL TERM (OCLC, RLIN)
Topical term or geographic name as entry element PROPERTY-COMMERCIAL PROPERTY-COMMERCIAL PROPERTY MARKET
700 1# - ADDED ENTRY--PERSONAL NAME
Personal name Cunningham, Daniel
700 1# - ADDED ENTRY--PERSONAL NAME
Personal name Robson, Claire
700 1# - ADDED ENTRY--PERSONAL NAME
Personal name Norman, Paul
700 1# - ADDED ENTRY--PERSONAL NAME
Personal name Cavanagh, Elaine
942 ## - ADDED ENTRY ELEMENTS (KOHA)
Suppress in OPAC 0
Holdings
Withdrawn status Lost status Source of classification or shelving scheme Damaged status Not for loan Home library Current library Shelving location Date acquired Total Checkouts Full call number Barcode Date last seen Copy number Price effective from Koha item type
    Dewey Decimal Classification     London London Journal article 07/04/2008   L143090 143090-1001 06/08/2019 1 06/08/2019 Journal article